[Event "PNWCC vs Europe Hybrid 05"]
[Site "Chess.com INT"]
[Date "2022.05.08"]
[Round "4"]
[White "Willy, Stephen"]
[Black "Georgiev, Georgi Al"]
[Result "1-0"]
[WhiteElo "1770"]
[BlackElo "2010"]
[PlyCount "73"]
[EventDate "2022.05.07"]
[EventType "team-tourn"]
[EventRounds "4"]
[EventCountry "USA"]
[SourceTitle "EXT 2023"]
[Source "ChessBase"]
[SourceDate "2022.10.05"]
[SourceVersion "1"]
[SourceVersionDate "2022.10.05"]
[SourceQuality "1"]
[WhiteTeam "PNWCC"]
[BlackTeam "Europe"]
[WhiteTeamCountry "USA"]

1. e4 Nc6 2. Nf3 e5 3. c3 Nf6 4. d4 exd4 5. e5 Nd5 6. Bc4 Nb6 7. Bb3 d5 8. cxd4 Be7 9. Nc3 0-0 10. Bc2 Be6 11. h4 f6 12. Bf4 fxe5 13. Bxe5 Nc4 14. Qe2 N6xe5 15. dxe5 Rxf3 16. gxf3 Bxh4 17. f4 g6 18. 0-0-0 c6 19. Rdg1 Qb6 20. Na4 Qxf2 21. Qh5 Qxf4+ 22. Kb1 Nd2+ 23. Ka1 Nf3 24. Rxg6+ hxg6 25. Qxg6+ Kf8 26. Qxe6 Re8 27. Qd6+ Re7 28. Nc5 Kg8 29. Qg6+ Kh8 30. a3 Qxe5 31. Rh3 Qe1+ 32. Ka2 Qf2 33. Qh5+ Kg8 34. Qg4+ Rg7 35. Qc8+ Kf7 36. Qf5+ Ke7 37. Rxf3 1-0

[Event "PNWCC vs Europe Hybrid 05"]
[Site "Chess.com INT"]
[Date "2022.05.07"]
[Round "2"]
[White "Georgiev, Georgi Al"]
[Black "Anand Jr, Vignesh"]
[Result "1/2-1/2"]
[WhiteElo "2010"]
[BlackElo "1936"]
[PlyCount "185"]
[EventDate "2022.05.07"]
[EventType "team-tourn"]
[EventRounds "4"]
[EventCountry "USA"]
[SourceTitle "EXT 2023"]
[Source "ChessBase"]
[SourceDate "2022.10.05"]
[SourceVersion "1"]
[SourceVersionDate "2022.10.05"]
[SourceQuality "1"]
[WhiteTeam "Europe"]
[BlackTeam "PNWCC"]
[BlackTeamCountry "USA"]

1. d4 Nf6 2. Nf3 g6 3. e3 Bg7 4. Bd3 d5 5. Nbd2 c5 6. c3 Nc6 7. 0-0 0-0 8. h3 Nd7 9. Re1 e5 10. dxe5 Ndxe5 11. Bc2 Be6 12. Nxe5 Nxe5 13. Nf3 Nxf3+ 14. Qxf3 Qb6 15. e4 d4 16. cxd4 cxd4 17. Bd3 Rac8 18. b3 a5 19. Bd2 a4 20. Rab1 axb3 21. axb3 Ra8 22. Rb2 Ra3 23. Reb1 Rc8 24. Qd1 Qa7 25. f4 Rc3 26. Be1 Qb6 27. Bc4 d3+ 28. Bf2 Bd4 29. Qd2 Bxf2+ 30. Qxf2 Qxf2+ 31. Kxf2 Bxc4 32. bxc4 Rxc4 33. Rd2 Rxe4 34. Rxb7 Rxf4+ 35. Ke3 Raa4 36. Rd7 h5 37. Kxd3 Ra3+ 38. Ke2 Rg3 39. Ke1 Ra3 40. R7d3 Ra1+ 41. Rd1 Ra2 42. R1d2 Ra1+ 43. Rd1 Raa4 44. Ke2 Kg7 45. Rf3 Ra2+ 46. Ke3 Rb4 47. Rd7 Rb3+ 48. Kf4 Ra4+ 49. Kg3 h4+ 50. Kh2 Rxf3 51. gxf3 Ra2+ 52. Kg1 g5 53. Rd6 Ra1+ 54. Kg2 Ra2+ 55. Kg1 f6 56. Rb6 Kg6 57. Rb5 Re2 58. Ra5 Re5 59. Ra4 Kf5 60. Rb4 Rd5 61. Ra4 Rd2 62. Re4 Rc2 63. Ra4 Ke5 64. Re4+ Kd5 65. Re8 Rb2 66. Re7 Rb6 67. Kf2 Rb2+ 68. Kg1 Kd6 69. Re8 Rc2 70. Re4 f5 71. Re8 Kd5 72. Re7 Kd4 73. Re8 Rb2 74. Re7 f4 75. Re8 Rb1+ 76. Kg2 Rb2+ 77. Kg1 Kd3 78. Re7 Rb1+ 79. Kg2 Rb2+ 80. Kg1 Re2 81. Ra7 Re5 82. Kf2 Re2+ 83. Kg1 Kd4 84. Ra8 Rc2 85. Re8 Rc1+ 86. Kg2 Rc2+ 87. Kg1 Rd2 88. Re7 Kd3 89. Re8 Kc2 90. Re5 Kd3 91. Re8 Rd1+ 92. Kf2 Rd2+ 93. Kg1 1/2-1/2

[Event "PNWCC vs Europe Hybrid 04"]
[Site "Chess.com INT"]
[Date "2022.04.24"]
[Round "3"]
[White "Georgiev, Georgi Al"]
[Black "Willy, Stephen"]
[Result "0-1"]
[WhiteElo "2046"]
[BlackElo "1663"]
[PlyCount "60"]
[EventDate "2022.04.23"]
[EventType "team-tourn"]
[EventRounds "4"]
[EventCountry "USA"]
[SourceTitle "EXT 2023"]
[Source "ChessBase"]
[SourceDate "2022.10.05"]
[SourceVersion "1"]
[SourceVersionDate "2022.10.05"]
[SourceQuality "1"]
[WhiteTeam "Europe"]
[BlackTeam "PNWCC"]
[BlackTeamCountry "USA"]

1. e4 c6 2. c4 d5 3. cxd5 cxd5 4. exd5 Nf6 5. Bb5+ Nbd7 6. Nc3 a6 7. Ba4 b5 8. Bb3 Bb7 9. Nf3 Nb6 10. 0-0 Nbxd5 11. d4 e6 12. Bg5 Be7 13. Qe2 h6 14. Bh4 0-0 15. Bg3 Rc8 16. Rac1 Bd6 17. Ne5 Bb8 18. Ne4 Rxc1 19. Rxc1 Nxe4 20. Qxe4 f5 21. Qe2 f4 22. Qg4 Bxe5 23. Qxe6+ Kh8 24. dxe5 fxg3 25. hxg3 Qg5 26. Rd1 Nf4 27. Qd6 Ne2+ 28. Kf1 Nxg3+ 29. Ke1 Qf4 30. Rd2 Qe4+ 0-1

[Event "BUL-chT-A 60th"]
[Site "Albena"]
[Date "2010.05.30"]
[Round "4.3"]
[White "Georgiev, Georgi Al"]
[Black "Dichev, Nedelcho"]
[Result "1/2-1/2"]
[WhiteElo "2154"]
[BlackElo "2175"]
[PlyCount "80"]
[EventDate "2010.05.27"]
[EventType "team-tourn"]
[EventRounds "7"]
[EventCountry "BUL"]
[SourceTitle "CBM 136 Extra"]
[Source "ChessBase"]
[SourceDate "2010.07.02"]
[SourceVersion "2"]
[SourceVersionDate "2010.07.15"]
[SourceQuality "1"]
[WhiteTeam "Plovdiv Maritsa"]
[BlackTeam "Lukoil Neftohimik"]
[WhiteTeamCountry "BUL"]
[BlackTeamCountry "BUL"]

1. e4 c6 2. d4 d5 3. Nc3 dxe4 4. Nxe4 Nf6 5. Ng3 h5 6. h4 Qc7 7. Nh3 Bxh3 8. Rxh3 Nbd7 9. Bg5 Qb6 10. Ne2 0-0-0 11. Rb3 Qa5+ 12. Qd2 Qxd2+ 13. Bxd2 e5 14. dxe5 Nxe5 15. Ba5 Rd7 16. Nf4 Nd5 17. Bd2 Nxf4 18. Bxf4 Bd6 19. Be3 Bb8 20. Be2 g6 21. f3 Re8 22. Kf2 f6 23. Rd1 Rxd1 24. Bxd1 Nc4 25. Bc5 b6 26. Bd4 Rd8 27. Rd3 Be5 28. Bxe5 Nxe5 29. Rxd8+ Kxd8 30. f4 Nc4 31. f5 Nxb2 32. Bf3 g5 33. hxg5 fxg5 34. Bxh5 Nc4 35. Be2 Nd6 36. g4 Ke7 37. Ke3 c5 38. Kd3 Kf6 39. c4 Ke5 40. Ke3 Kf6 1/2-1/2

[Event "BUL-chT-A 60th"]
[Site "Albena"]
[Date "2010.05.29"]
[Round "3.3"]
[White "Spassov, Liuben"]
[Black "Georgiev, Georgi Al"]
[Result "1-0"]
[WhiteElo "2421"]
[BlackElo "2154"]
[PlyCount "69"]
[EventDate "2010.05.27"]
[EventType "team-tourn"]
[EventRounds "7"]
[EventCountry "BUL"]
[SourceTitle "CBM 136 Extra"]
[Source "ChessBase"]
[SourceDate "2010.07.02"]
[SourceVersion "2"]
[SourceVersionDate "2010.07.15"]
[SourceQuality "1"]
[WhiteTeam "Plovdiv Lokomotiv 2000"]
[BlackTeam "Plovdiv Maritsa"]
[WhiteTeamCountry "BUL"]
[BlackTeamCountry "BUL"]

1. d4 Nf6 2. c4 e6 3. Nf3 Bb4+ 4. Nbd2 b6 5. a3 Bxd2+ 6. Bxd2 Bb7 7. Bg5 0-0 8. e3 d5 9. Rc1 Nbd7 10. cxd5 exd5 11. Bb5 a6 12. Bc6 Bxc6 13. Rxc6 Rc8 14. Qc2 Re8 15. 0-0 Re6 16. Rxe6 fxe6 17. Qc6 Qe8 18. Rc1 a5 19. h3 Nf8 20. Qb7 c5 21. Qxb6 cxd4 22. Rxc8 Qxc8 23. exd4 Qc2 24. Ne5 Ne4 25. Be3 Qd1+ 26. Kh2 Nd2 27. Bxd2 Qxd2 28. Nf3 Qxf2 29. Qxa5 Qxb2 30. Qb4 Qc1 31. Qd6 h6 32. a4 Qc3 33. Qc5 Qe3 34. a5 Qd3 35. Qb6 1-0

[Event "BUL-chT-A 60th"]
[Site "Albena"]
[Date "2010.05.27"]
[Round "1.4"]
[White "Milchev, Nikolay"]
[Black "Georgiev, Georgi Al"]
[Result "1/2-1/2"]
[WhiteElo "2354"]
[BlackElo "2154"]
[PlyCount "72"]
[EventDate "2010.05.27"]
[EventType "team-tourn"]
[EventRounds "7"]
[EventCountry "BUL"]
[SourceTitle "CBM 136 Extra"]
[Source "ChessBase"]
[SourceDate "2010.07.02"]
[SourceVersion "2"]
[SourceVersionDate "2010.07.15"]
[SourceQuality "1"]
[WhiteTeam "Plovdiv Lokomotiv"]
[BlackTeam "Plovdiv Maritsa"]
[WhiteTeamCountry "BUL"]
[BlackTeamCountry "BUL"]

1. Nf3 Nf6 2. c4 c5 3. Nc3 Nc6 4. g3 g6 5. Bg2 Bg7 6. 0-0 0-0 7. d4 cxd4 8. Nxd4 d6 9. Nc2 Bd7 10. h3 Rc8 11. b3 Qa5 12. Bd2 Qh5 13. e4 a6 14. Qxh5 Nxh5 15. Rad1 b5 16. Ne3 e6 17. cxb5 Ne7 18. Na4 Bxb5 19. Nb6 Rb8 20. Nbc4 Nc6 21. Rfe1 Rfd8 22. Rc1 Bd4 23. Bc3 Nf6 24. Red1 Bxc3 25. Rxc3 d5 26. exd5 exd5 27. Nxd5 Nxd5 28. Rxd5 Rxd5 29. Bxd5 Nb4 30. Ne3 Rd8 31. Rc5 Nxa2 32. Rc7 Rd7 33. Rc8+ Kg7 34. Bc6 Bxc6 35. Rxc6 Rb7 36. Rxa6 Nc1 1/2-1/2